| 000 | 00971nam a2200229 a 4500 | ||
|---|---|---|---|
| 001 | 000022934 | ||
| 005 | 20260218080534.0 | ||
| 008 | 101123s1965 mx r 001 0 spa d | ||
| 040 |
_aDO-SdBNP _bspa _cBNPHU |
||
| 082 |
_a335.4112 _bA168f |
||
| 110 | 2 |
_aAcademia de Ciencias de la U.R.S.S. _bInstituto de Filosofía. _cMéxico. _eF. V. Konstantinov. _947151 |
|
| 245 | 1 | 0 |
_aFundamentos de la filosofía marxista / _cAcademia de Ciencias de la U.R.S.S. ; redacción general de F. V. Konstantinov ; [traducción directa del ruso por Adolfo Sánchez Vásquez y Wenceslao Roces]. |
| 260 |
_aMéxico : _bGrijalbo, _c1965. |
||
| 300 |
_aviii, 563 p. ; _c21 cm. |
||
| 504 | _aIncluye referencias bibliográficas y notas al pie de las páginas. | ||
| 650 | 4 |
_aMaterialismo dialéctico _9845 |
|
| 650 | 0 |
_aMarxismo _95234 |
|
| 700 | 1 |
_aKonstantinov, F. V., _947152 |
|
| 700 | 1 |
_aSánchez Vásquez, Adolfo, _etr. _947153 |
|
| 700 | 1 |
_aRoces, Wenceslao, _etr. _931367 |
|
| 049 | _aBNGR | ||
| 999 |
_c22431 _d22431 |
||